000 00493nam a22001817a 4500
999 _c177095
_d177095
005 20210215111312.0
010 _aENG-129018
020 _c299.00
_a9788194403753
035 _aEN-112550
037 _bDBAD/PUB
082 _aS
100 _aGadhvi ,Deval
245 _aThe Feelings/
_cDeval Gadhvi
_b
260 _bOrangebooks Publication
_c2019
_aDelhi NCR
270 _aVishwavidyalaya Marg, Civil Lines
_bDelhi NCR
_e110054
300 _a109p.
_b21cm(pbk)
942 _2ddc
_cEN
_hS
_mGAD